Premchand Godan: A novel of peasant India (Record no. 17480)
[ view plain ]
| 000 -LEADER | |
|---|---|
| fixed length control field | 00606nam a2200265Ia 4500 |
| 001 - CONTROL NUMBER | |
| control field | 120921 |
| 003 - CONTROL NUMBER IDENTIFIER | |
| control field | YMCAF |
| 005 - DATE AND TIME OF LATEST TRANSACTION | |
| control field | 20230512163845.0 |
| 008 - FIXED-LENGTH DATA ELEMENTS--GENERAL INFORMATION | |
| fixed length control field | 211208s2021 ||||||||||||||||| ||und|d |
| 020 ## - INTERNATIONAL STANDARD BOOK NUMBER | |
| International Standard Book Number | 9788172242190 |
| 024 ## - OTHER STANDARD IDENTIFIER | |
| Standard number or code | 120921 |
| 035 ## - SYSTEM CONTROL NUMBER | |
| System control number | 52308 |
| 040 ## - CATALOGING SOURCE | |
| Original cataloging agency | YMCAF |
| Language of cataloging | eng |
| Transcribing agency | IN-KoLT |
| 041 ## - LANGUAGE CODE | |
| Language code of text/sound track or separate title | eng |
| 082 ## - DEWEY DECIMAL CLASSIFICATION NUMBER | |
| Classification number | 823.3 |
| Item number | RAT |
| 100 ## - MAIN ENTRY--PERSONAL NAME | |
| Personal name | Ratan, Jai |
| 245 #0 - TITLE STATEMENT | |
| Title | Premchand Godan: A novel of peasant India |
| 250 ## - EDITION STATEMENT | |
| Edition statement | 36th impression |
| 260 ## - PUBLICATION, DISTRIBUTION, ETC. | |
| Place of publication, distribution, etc. | Mumbai |
| Name of publisher, distributor, etc. | Jaico |
| Date of publication, distribution, etc. | 2021 |
| 300 ## - PHYSICAL DESCRIPTION | |
| Extent | 339p. |
| 653 ## - INDEX TERM--UNCONTROLLED | |
| Uncontrolled term | ENGLISH BOOK |
| 653 ## - INDEX TERM--UNCONTROLLED | |
| Uncontrolled term | GENERAL |
| 653 ## - INDEX TERM--UNCONTROLLED | |
| Uncontrolled term | Novel |
| 942 ## - ADDED ENTRY ELEMENTS (KOHA) | |
| Source of classification or shelving scheme | Dewey Decimal Classification |
| Koha item type | Books |
| Withdrawn status | Lost status | Damaged status | Not for loan | Home library | Current library | Date acquired | Total Checkouts | Barcode | Date due | Date last seen | Date last checked out | Price effective from | Koha item type | Public note | Total Renewals |
|---|---|---|---|---|---|---|---|---|---|---|---|---|---|---|---|
| JC Bose University of Science & Technology | JC Bose University of Science & Technology | 08/12/2021 | 11 | 52309 | 19/02/2026 | 04/02/2026 | 04/02/2026 | 12/05/2023 | Books | C | |||||
| JC Bose University of Science & Technology | JC Bose University of Science & Technology | 08/12/2021 | 4 | 52308 | 12/05/2025 | 21/02/2025 | 12/05/2023 | Books | C | 1 |